Regions of the Earth! - Statistics

General Stats
  • This quiz has been taken 48 times
  • The average score is 6 of 10
Answer Stats
Picture Answer % Correct
Middle East
93%
Central America
90%
Siberia
74%
European union
67%
Caribbean
64%
Sub saharan Africa
60%
Indian sub continent
57%
Yugoslavia
57%
Maghreb
50%
Hijaz
2%
No matching quizzes found
Score Distribution
Percent of People with Each Score
Percentile by Number Answered
Your Score History
You have not taken this quiz